Raccoons : (Record no. 540995)
[ view plain ]
| 000 -LEADER | |
|---|---|
| fixed length control field | 01106ncm a2200253 a 4500 |
| 001 - CONTROL NUMBER | |
| control field | raccoonsmusicala00bern |
| 003 - CONTROL NUMBER IDENTIFIER | |
| control field | CaSfIA |
| 005 - DATE AND TIME OF LATEST TRANSACTION | |
| control field | 20210118213359.0 |
| 007 - PHYSICAL DESCRIPTION FIXED FIELD--GENERAL INFORMATION | |
| fixed length control field | cr|||| |
| 008 - FIXED-LENGTH DATA ELEMENTS--GENERAL INFORMATION | |
| fixed length control field | 770722s1977 xxu||| |||||||nn eng|d |
| 035 ## - SYSTEM CONTROL NUMBER | |
| System control number | (UK-BiTAL)fea02739bee04b0aa15f06e81a9feef2 |
| 035 ## - SYSTEM CONTROL NUMBER | |
| System control number | ()x0407138 |
| 040 ## - CATALOGING SOURCE | |
| Original cataloging agency | BM |
| Transcribing agency | BM |
| Modifying agency | UK-BiTAL |
| -- | BIBLIOS |
| -- | CaSfIA |
| 084 ## - OTHER CLASSIFICATION NUMBER | |
| Classification number | QPJ |
| Source of number | bcmc |
| 100 1# - MAIN ENTRY--PERSONAL NAME | |
| Personal name | Bernstein, Seymour. |
| 240 10 - UNIFORM TITLE | |
| Uniform title | <a href="Raccoons">Raccoons</a> |
| 245 10 - TITLE STATEMENT | |
| Title | Raccoons : |
| Medium | [electronic resource] |
| Remainder of title | a musical adventure for the piano / |
| Statement of responsibility, etc | music, story and photos by Seymour Bernstein. |
| 260 ## - PUBLICATION, DISTRIBUTION, ETC. (IMPRINT) | |
| Place of publication, distribution, etc | New York : |
| Name of publisher, distributor, etc | Tetra Music : |
| -- | Broude, |
| Date of publication, distribution, etc | 1977. |
| 500 ## - GENERAL NOTE | |
| General note | Score. |
| 506 ## - RESTRICTIONS ON ACCESS NOTE | |
| Standardized terminology for access restriction | Необхідна авторизація на https://archive.org/ (створення облікового запису безкоштовно) |
| 506 ## - RESTRICTIONS ON ACCESS NOTE | |
| Standardized terminology for access restriction | Необхідна авторизація на https://openlibrary.org/ (створення облікового запису безкоштовно) |
| 856 41 - ELECTRONIC LOCATION AND ACCESS | |
| Uniform Resource Identifier | <a href="http://www.archive.org/details/raccoonsmusicala00bern">http://www.archive.org/details/raccoonsmusicala00bern</a> |
| Public note | Free eBook from the Internet Archive |
| 942 ## - ADDED ENTRY ELEMENTS (KOHA) | |
| Koha item type | ЕКнига |
No items available.